000 01778nam a2200277Ia 4500
005 20220317001038.0
008 160825s2008 sp g 000 0 spa
020 _a97884206337012
100 1 _aProust, Marcel
_d1871-1922
245 1 0 _aEn busca del tiempo perdido, 4
_bSodoma y Gomorra
_cMarcel Proust ; traducción Consuelo Berges
250 _a1a. edición
_b6a. reimpresión
300 _a642 páginas
_c24 cm
490 _aEl libro de bolsillo
_pbiblioteca Proust
520 _aLa monumental obra de Marcel Proust (1871-1922) "En busca del tiempo perdido" es un inmenso retrato de toda una sociedad y es considerada como una de las grandes obras maestras de toda la literatura. Como su nombre lo indica, Proust trató de recobrar en su novela en siete volúmenes lo que había sido el ayer y sus personajes están basados en el círculo del autor. La obra total es un reflejo de uno de los más brillantes análisis de la conciencia que se hayan escrito. En las breves descripciones que siguen, se esbozan momentos de la riquisima novela. El presente volumen "Sodoma y Gomorra", se deriva a la descripción de pasiones de todo género, en especial la de Charlus por el músico Verdurín, que es interesante por que refleja la relación que hubo en la vida real entre Proust y el músico francés de origen venezolano Reynaldo Hahn
650 1 4 _2LEMB
_aNovela francesa
_ySiglo XX
650 1 4 _2LEMB
_aLiteratura francesa
_ySiglo XX
650 1 4 _2LEMB
_aPasión en la literatura
700 1 _aBerges, Consuelo
_964841
942 _2loc
_cBKLIT
264 _aMadrid
_bAlianza
_c2008
336 _atexto
_btxt
_2rdacontent
337 _asin mediación
_bn
_2rdamedia
338 _avolumen
_bnc
_2rdacarrier
040 _aCO-BoRNBP
_bspa
_erda
_cCO-BoRNBP
084 _aN PRO1
999 _c5774
_d5774